| 000 | 00583nam a2200217 a 4500 | ||
|---|---|---|---|
| 003 | OSt | ||
| 005 | 20160112175939.0 | ||
| 008 | 090901s1984 esp 000 spa c | ||
| 020 | _a84-01-30400-8 | ||
| 040 | _cBMC | ||
| 082 | _a843 | ||
| 100 | 1 |
_aGary, Romain _d1914-1980 _931350 |
|
| 245 | 1 | 4 |
_aLas cometas _cRomain Gary ; [traducción, Francisco Feria] |
| 250 | _a1ª ed | ||
| 260 |
_aBarcelona _bPlaza & Jans _c1984 |
||
| 300 |
_a272 p. _c19 cm |
||
| 490 | 0 | _aNovelistas del día | |
| 650 | 2 | 4 |
_911443 _aNovela francesa |
| 700 | 1 |
_937935 _aFeria, Francisco |
|
| 942 |
_2ddc _cBK |
||
| 999 |
_c24364 _d24364 |
||